| 000 | 00944cab a2200193 4500 | ||
|---|---|---|---|
| 001 | ABS40627 | ||
| 008 | 090401t1989 xxu||||| |||| 00| 0 eng d | ||
| 035 | _a(Sirsi) u25111 | ||
| 041 | _aeng | ||
| 100 | _aRodgers, C.P. | ||
| 245 | _aAssured shorthold tenure: long term insecurity? | ||
| 260 | _c1989 | ||
| 350 | _a0 | ||
| 490 |
_aLaw Society`s Gazette _v86(12) 22 March 1989, 34-36(3) |
||
| 520 | _aExamines provisions in the Housing Act 1988 for the assured shorthold tenancy ; compares it with the old style protected shorthold tenancy and discusses control of shorthold rent s and grounds for possession . Considers advantages of the assured shorthold for private sector landlords, but warns that this form of tenancy could create long term insecurity for tenants without effective rent control. | ||
| 690 | _aPROPERTY-RESIDENTIAL PROPERTY-RESIDENTIAL LANDLORD AND TENANT-RESIDENTIAL TENANCIES | ||
| 942 | _n0 | ||
| 948 | _c04/03/1997 | ||
| 999 |
_c16843 _d16843 |
||